Animals that went extinct in UK (True or False) - Statistics

General Stats
  • This quiz has been taken 44 times
  • The average score is 9 of 12
Answer Stats
Question Answer % Correct
Mantis Ray False
88%
Coyotes False
88%
Bears True
88%
Wolves True
82%
Polar Bear False
76%
Poison Dart Frog False
76%
Raccoon False
71%
Lynx True
71%
Elk True
71%
Auroch True
71%
Common Tree Frog True
53%
Apple bumblebee True
35%
No matching quizzes found
Score Distribution
Percent of People with Each Score
Percentile by Number Answered
Your Score History
You have not taken this quiz